000
00303nam a22001217a 4500
999
_c
15438
_d
15438
020
_a
9789381450864
082
_a
637.14
_b
PUR/DA
100
_a
Puranik , D B.
_9
1184
245
_a
Dairy plant management /
260
_a
New delhi ;
_b
New india publishing agency ,
_c
2014.
300
_a
272 ; .
942
_c
BK